| 000 | 02705nam a2200241Ia 4500 | ||
|---|---|---|---|
| 003 | Ost | ||
| 005 | 20260507074922.0 | ||
| 008 | 260507s9999||||xx |||||||||||||| ||und|| | ||
| 040 | _cfsecg | ||
| 041 | _aara | ||
| 082 | _a658.45 | ||
| 100 |
_aالطائي، حميد _eمؤلف |
||
| 245 | 0 |
_aالاتصالات التسويقية المتكاملة : _bمدخل استراتيجي / _c حميد الطائي |
|
| 260 |
_aعمان: _bدار اليازوري, _c2009 |
||
| 300 |
_a236 صفحة؛ _bإيضاحات ؛ _c25 سم |
||
| 504 | _aملاحق: ص.193 | ||
| 520 | _aالمحتويات : الفصل الأول :استراتيجية التصالات التسويقية المتكاملة : الاتصالات التسويقية المتكاملة : مقدمة في العملية الاتصالية : البيئة الاتصالية المتغيرة : الحاجة إلى اتصالات تسويقية متكاملة : رأى أو رؤية في العملية الاتصالية : خطوات تطوير البرنامج الاتصالي الفعال-الفصل الثاني : الاتصالات التسويقية : الإعلان : تحديد أهداف الإعلان : تحديد ميزانية الإعلان : تطوير الإستراتيجية الإعلانية : صياغة الرسالة الإعلانية : إستراتيجية الرسالة الإعلانية-الفصل الثالث : البيع الشخصي : البيع الشخصي : طبيعة نشاط البيع الشخصي : دور القوى البيعية : احترافية المبيعات : مساهمات البيع الشخصي : مندوبو المبيعات الشخصي : مساهمات البيع الشخصي : مندوبو المبيعات والشركة المسؤولة عن توظيفهم-الفصل الرابع : التسويق المباشر : مدخل مفاهيمي للتسويق المباشر : النموذج الجديد للتسويق المباشر : نمو ومنافع التسويق المباشر : قواعد بيانات الزبون والتسويق المباشر : أشكال التسويق المباشر: التسويق المباشر-الفصل الخامس : ملحق : دراسة حالة (1) بروكتر وكامبل : أسئلة للمناقشة : دراسة حالة (2) شركة بيبسي ك حرب المياه : كيفية ترويج المياه العبأة : أسئلة للمناقشة : دراسة حالة(3) دل كن مباشرا : ماسر نجاح شركة ديل المذهل ؟. | ||
| 653 | _aالاتصال | ||
| 653 | _aالبيع | ||
| 653 | _aالتسويق | ||
| 700 |
_aالعسكري، احمد شاكر _eمؤلف ثانوي |
||
| 942 | _cكتاب | ||
| 999 |
_c41807 _d41807 |
||